00884nam a2200205Ia 450000500170000000800410001701600140005804000240007208200140009608600240011011000820013424501400021626001010035630000190045756300100047665000330048694200160051999900170053595201260055220260126143546.0210303s9999 xx 000 0 und d 2reto2022b aNLNbEnglisheAACR2 a370.96692 aDT515wg 8F491 .O28s aOGUN State. Ministry of Finance and Economic Development. Statistics Division 2aA summary of current education statistics 1978 to 1979 /cOgun State. Ministry of Finance and Economic Development. Statistics Division aAbeokuta, Ogun State :bStatistics Division Ministry of Finance and Economic Development,c1979. a[?]p. ;b33cm. a(pbk) aEducationvStatistics943381 n0cDOCUMENT c23374d23374 00102lcc4070aLAGbMAINd2021-03-04l0oDT515wg 8F491 .O28sp2024-555555551000281r2021-03-04 00:00:00w2021-03-04yBK